| 000 | 00423cam a2200181ua 4500 | ||
|---|---|---|---|
| 020 | _c4.5 | ||
| 041 |
_ahin _h |
||
| 082 |
_a891.54 _bAMR/YE |
||
| 100 | _aAmrut Lal, Nagar . | ||
| 245 |
_aYe kode valiyam / _cAmrut Lal Nagar. _hTextual Documents |
||
| 250 |
_a1 / _b. |
||
| 260 |
_aDelhi : _bRajkamal Prakash , _c1961. |
||
| 300 | _a256 ; . | ||
| 365 | _a4.5 | ||
| 504 | _a | ||
| 942 | _cBK | ||
| 999 |
_c8146 _d8146 |
||